[Event "Altenkirchen Seniors op 19th"]
[Site "Altenkirchen"]
[Date "2022.07.27"]
[Round "9"]
[White "Zens, Rolf"]
[Black "Kripp, Wolfgang"]
[Result "0-1"]
[WhiteElo "1884"]
[BlackElo "2005"]
[PlyCount "62"]
[EventDate "2022.07.19"]
[EventType "swiss"]
[EventRounds "9"]
[EventCountry "GER"]
[SourceTitle "EXT 2023"]
[Source "ChessBase"]
[SourceDate "2022.10.05"]
[SourceVersion "1"]
[SourceVersionDate "2022.10.05"]
[SourceQuality "1"]

1. c4 Nf6 2. g3 e6 3. Bg2 d5 4. Nf3 c6 5. 0-0 Nbd7 6. b3 e5 7. d3 Bd6 8. Ba3 Qe7 9. Bxd6 Qxd6 10. Nbd2 d4 11. Rc1 a5 12. Ng5 Nc5 13. Nge4 Nfxe4 14. Nxe4 Nxe4 15. Bxe4 0-0 16. Bg2 Be6 17. Qd2 Qb4 18. Rc2 Ra7 19. Rb1 c5 20. Qc1 Qb6 21. a3 Qd6 22. Qd2 b6 23. a4 f5 24. Rf1 f4 25. Rcc1 Kh8 26. Kh1 Raf7 27. Bf3 Rf6 28. Rg1 Rh6 29. gxf4 Rxf4 30. Rg5 Rfh4 31. Rg2 e4 0-1

[Event "Altenkirchen Seniors op 19th"]
[Site "Altenkirchen"]
[Date "2022.07.25"]
[Round "7"]
[White "Mueller, Norbert2222"]
[Black "Kripp, Wolfgang"]
[Result "1-0"]
[WhiteElo "1870"]
[BlackElo "2005"]
[PlyCount "109"]
[EventDate "2022.07.19"]
[EventType "swiss"]
[EventRounds "9"]
[EventCountry "GER"]
[SourceTitle "CBM 209 Extra"]
[Source "ChessBase"]
[SourceDate "2022.09.30"]
[SourceVersion "1"]
[SourceVersionDate "2022.09.30"]
[SourceQuality "1"]

1. c4 Nf6 2. Nc3 e6 3. Nf3 d5 4. e3 Be7 5. d4 c6 6. a3 a5 7. Bd2 Nbd7 8. Qc2 0-0 9. h3 Bd6 10. cxd5 exd5 11. Bd3 Re8 12. 0-0 h6 13. Rfe1 Nf8 14. Nh2 Qc7 15. Nf1 Be6 16. f4 g5 17. f5 Bd7 18. Rac1 Bg3 19. Re2 Qd6 20. Nxg3 Qxg3 21. Be1 Qd6 22. Bf2 Re7 23. e4 dxe4 24. Bxe4 Rae8 25. Rce1 N8h7 26. g4 Kf8 27. Qd3 Nd5 28. Bxd5 Rxe2 29. Rxe2 Rxe2 30. Qxe2 cxd5 31. Qe5 Qxe5 32. dxe5 Bc6 33. a4 Ke8 34. Bc5 Nf8 35. Bxf8 Kxf8 36. Nb5 Ke7 37. Kf2 b6 38. b3 Bb7 39. Nd4 Kd7 40. Ke3 Ke7 41. Ne2 f6 42. Kd4 Ba6 43. Ng1 fxe5+ 44. Kxe5 Bb7 45. Ne2 Ba6 46. Ng1 Bb7 47. Ne2 Ba6 48. Nc3 d4 49. Kxd4 Bf1 50. Nd5+ Kf7 51. Ne3 Bxh3 52. Ke5 h5 53. gxh5 g4 54. Kf4 Kf6 55. Nxg4+ 1-0

[Event "Altenkirchen Seniors op 19th"]
[Site "Altenkirchen"]
[Date "2022.07.23"]
[Round "5"]
[White "Rosen, Willy"]
[Black "Kripp, Wolfgang"]
[Result "1/2-1/2"]
[WhiteElo "2158"]
[BlackElo "2005"]
[PlyCount "66"]
[EventDate "2022.07.19"]
[EventType "swiss"]
[EventRounds "9"]
[EventCountry "GER"]
[SourceTitle "CBM 209 Extra"]
[Source "ChessBase"]
[SourceDate "2022.09.30"]
[SourceVersion "1"]
[SourceVersionDate "2022.09.30"]
[SourceQuality "1"]

1. e4 Nf6 2. e5 Nd5 3. d4 d6 4. c4 Nb6 5. exd6 exd6 6. Nc3 Be7 7. Bd3 Nc6 8. Nge2 Bg4 9. f3 Bh5 10. 0-0 Bg6 11. b3 Bf6 12. Re1 0-0 13. Bxg6 hxg6 14. d5 Ne7 15. Rb1 Nf5 16. Ne4 Re8 17. Nxf6+ Qxf6 18. Bb2 Qg5 19. f4 Qg4 20. h3 Qh4 21. Bd4 Nxd4 22. Qxd4 Re7 23. Qf2 Qf6 24. Nd4 Rae8 25. Rxe7 Qxe7 26. Rb2 a6 27. Re2 Qd8 28. Qe1 Kf8 29. Kf1 Rxe2 30. Qxe2 Qe7 31. Qxe7+ Kxe7 32. Ke2 Kd7 33. Kd3 c5 1/2-1/2

[Event "Altenkirchen Seniors op 19th"]
[Site "Altenkirchen"]
[Date "2022.07.19"]
[Round "1"]
[White "Steinke, Hans Joerg"]
[Black "Kripp, Wolfgang"]
[Result "0-1"]
[WhiteElo "1730"]
[BlackElo "2005"]
[PlyCount "82"]
[EventDate "2022.07.19"]
[EventType "swiss"]
[EventRounds "9"]
[EventCountry "GER"]
[SourceTitle "CBM 209 Extra"]
[Source "ChessBase"]
[SourceDate "2022.09.30"]
[SourceVersion "1"]
[SourceVersionDate "2022.09.30"]
[SourceQuality "1"]

1. d4 d5 2. c4 e6 3. Nc3 Nf6 4. Bg5 Nbd7 5. Nf3 Be7 6. e3 c6 7. Bd3 dxc4 8. Bxc4 b6 9. 0-0 Bb7 10. Rc1 0-0 11. Qe2 Nd5 12. Bxe7 Qxe7 13. Rfd1 Rac8 14. Nxd5 exd5 15. Ba6 Nf6 16. Bxb7 Qxb7 17. b4 Ne4 18. Ne5 f6 19. Nd3 Rfe8 20. Rc2 Nd6 21. Nb2 Qe7 22. Rdc1 Nf5 23. Qd2 Qd7 24. Rd1 Nd6 25. Qd3 b5 26. Qc3 Nc4 27. Nd3 Qg4 28. Rdc1 Rc7 29. Nc5 Rce7 30. h3 Qg6 31. Re2 f5 32. Rce1 f4 33. Kf1 fxe3 34. fxe3 Qg3 35. Kg1 Rf8 36. Qc1 Rfe8 37. Qc3 Rxe3 38. Rxe3 Rxe3 39. Rxe3 Qxe3+ 40. Qxe3 Nxe3 41. Ne6 Nc2 0-1

[Event "RLP Seniors op 17th"]
[Site "Neustadt an der Weinstrasse"]
[Date "2019.07.28"]
[Round "9"]
[White "Kripp, Wolfgang"]
[Black "Mentink, Toon"]
[Result "1-0"]
[WhiteElo "1995"]
[BlackElo "1839"]
[PlyCount "97"]
[EventDate "2019.07.20"]
[EventType "swiss"]
[EventRounds "9"]
[EventCountry "GER"]
[SourceTitle "CBM 192 Extra"]
[Source "Chessbase"]
[SourceDate "2019.11.06"]
[SourceVersion "1"]
[SourceVersionDate "2019.11.06"]
[SourceQuality "1"]

1. e4 e6 2. d4 d5 3. Nc3 Nf6 4. e5 Nfd7 5. f4 c5 6. Nf3 Nc6 7. Be3 Be7 8. dxc5 Nxc5 9. a3 f6 10. b4 Nd7 11. b5 Na5 12. Bd4 0-0 13. g3 b6 14. Be2 fxe5 15. fxe5 Bb7 16. 0-0 Rc8 17. Bd3 Nc5 18. Ne2 Qc7 19. Nf4 Qd7 20. Be2 Ne4 21. Kg2 Nc3 22. Bxc3 Rxc3 23. Nd4 Nc4 24. Qe1 Ne3+ 25. Kg1 Rfc8 26. Rf2 Nxc2 27. Nxc2 Rxc2 28. Bg4 Bc5 29. Bxe6+ Qxe6 30. Nxe6 Bxf2+ 31. Qxf2 Rxf2 32. Kxf2 Rc2+ 33. Ke3 Bc8 34. Nf4 Bb7 35. h4 Rc4 36. Kd3 Kf7 37. a4 Ke7 38. a5 Rc7 39. axb6 axb6 40. Ra7 Kd7 41. h5 Kc8 42. e6 Kb8 43. Ra1 Re7 44. Kd4 Kc7 45. Ke5 Kd8 46. Nxd5 Bxd5 47. Kxd5 Rc7 48. Kd6 Rc8 49. Ra7 1-0

[Event "Rheinland Pfalz op Seniors 16th"]
[Site "Neustadt an der Weinstrasse"]
[Date "2018.07.11"]
[Round "5"]
[White "Hennrich, Reinhard"]
[Black "Kripp, Wolfgang"]
[Result "1-0"]
[WhiteElo "1836"]
[BlackElo "2029"]
[PlyCount "79"]
[EventDate "2018.07.07"]
[EventType "swiss"]
[EventRounds "9"]
[EventCountry "GER"]
[SourceTitle "EXT 2019"]
[Source "ChessBase"]
[SourceDate "2018.10.10"]
[SourceVersion "1"]
[SourceVersionDate "2018.10.10"]
[SourceQuality "1"]

1. d4 d5 2. Nf3 Nf6 3. c4 e6 4. Nc3 c6 5. e3 Nbd7 6. Bd3 dxc4 7. Bxc4 b5 8. Bd3 a6 9. 0-0 c5 10. Re1 Bb7 11. e4 cxd4 12. Nxd4 Nc5 13. Bc2 e5 14. Nf3 Qc7 15. Nd5 Nxd5 16. exd5 f6 17. b4 Nd7 18. a3 Be7 19. Be4 Bd6 20. Nh4 g6 21. Be3 Qd8 22. Nf3 0-0 23. Bh6 Rf7 24. Bc2 Nb6 25. Bb3 Rc8 26. Be3 Nc4 27. Bh6 Bb8 28. Qe2 Bxd5 29. Rad1 Rd7 30. Nh4 Nb6 31. Bc2 Bf7 32. Rxd7 Qxd7 33. Rd1 Qc7 34. Be4 f5 35. Nxf5 gxf5 36. Bxf5 Rd8 37. Rxd8+ Qxd8 38. Qg4+ Bg6 39. Bxg6 Qd6 40. Be8+ 1-0

[Event "Rheinland Pfalz op Seniors 15th"]
[Site "Neustadt an der Weinstrasse"]
[Date "2017.07.16"]
[Round "2"]
[White "Loehr, Hans Gerd"]
[Black "Kripp, Wolfgang"]
[Result "1/2-1/2"]
[WhiteElo "1640"]
[BlackElo "2032"]
[PlyCount "91"]
[EventDate "2017.07.15"]
[EventType "swiss"]
[EventRounds "9"]
[EventCountry "GER"]
[SourceTitle "EXT 2018"]
[Source "ChessBase"]
[SourceDate "2017.10.13"]
[SourceVersion "1"]
[SourceVersionDate "2017.10.13"]
[SourceQuality "1"]

1. e4 Nf6 2. e5 Nd5 3. d4 d6 4. f4 dxe5 5. dxe5 Bf5 6. Nf3 Nc6 7. c3 a6 8. Be2 e6 9. 0-0 Bc5+ 10. Kh1 Ne3 11. Bxe3 Bxe3 12. Qxd8+ Rxd8 13. g3 0-0 14. Na3 b5 15. Ng1 Rd2 16. Bf3 Ne7 17. Rfe1 Bc5 18. b4 Bf2 19. Re2 Rxe2 20. Nxe2 Rd8 21. Kg2 Be3 22. g4 Bg6 23. Bb7 c6 24. Kf3 Bb6 25. Nd4 Bxd4 26. cxd4 Rd7 27. Bxa6 Ra7 28. Nxb5 Rxa6 29. Nd6 Ra3+ 30. Kf2 h5 31. b5 cxb5 32. Nxb5 Ra5 33. gxh5 Bxh5 34. a4 Nd5 35. Kg3 Be2 36. Nd6 Bd3 37. Rc1 Bg6 38. Rc4 Ne3 39. Rb4 Nf5+ 40. Kg4 Ra6 41. Ne4 Ne3+ 42. Kf3 Nd5 43. Rb8+ Kh7 44. Ng5+ Kh6 45. Rh8+ Bh7 46. Rxh7+ 1/2-1/2

[Event "Rheinland Pfalz op Seniors 14th"]
[Site "Neustadt an der Weinstrasse"]
[Date "2016.07.18"]
[Round "3"]
[White "Dickel, Gisbert"]
[Black "Kripp, Wolfgang"]
[Result "1-0"]
[WhiteElo "1920"]
[BlackElo "2051"]
[PlyCount "81"]
[EventDate "2016.07.16"]
[EventType "swiss"]
[EventRounds "9"]
[EventCountry "GER"]
[SourceTitle "EXT 2019"]
[Source "ChessBase"]
[SourceDate "2018.10.10"]
[SourceVersion "1"]
[SourceVersionDate "2018.10.10"]
[SourceQuality "1"]

1. e4 Nf6 2. e5 Nd5 3. c4 Nb6 4. c5 Nd5 5. Nc3 e6 6. Ne4 f5 7. exf6 Nxf6 8. Nxf6+ Qxf6 9. d4 b6 10. cxb6 axb6 11. Be2 Bb4+ 12. Kf1 0-0 13. Nf3 Ba6 14. Kg1 Nc6 15. Be3 Bxe2 16. Qxe2 Bd6 17. a3 e5 18. d5 Ne7 19. Bg5 Qf7 20. Bxe7 Qxe7 21. Nd2 Bc5 22. Ne4 Bd4 23. Rc1 Qf7 24. Rxc7 Qxd5 25. g3 Rf7 26. h4 Raf8 27. Rh2 h6 28. Rg2 Rf3 29. Kh2 Qe6 30. Qa6 Qg4 31. Qb7 Bxf2 32. Rxd7 Bd4 33. Ng5 e4 34. Qd5+ Kh8 35. Qxd4 R3f6 36. Nxe4 Re6 37. Nf2 Qg6 38. Nh3 Re1 39. Nf4 Qg4 40. Rd6 Kh7 41. Rg6 1-0

[Event "Rheinland Pfalz op Seniors 14th"]
[Site "Neustadt an der Weinstrasse"]
[Date "2016.07.17"]
[Round "2"]
[White "Kripp, Wolfgang"]
[Black "Kelchner, Hans"]
[Result "1/2-1/2"]
[WhiteElo "2051"]
[BlackElo "2162"]
[PlyCount "25"]
[EventDate "2016.07.16"]
[EventType "swiss"]
[EventRounds "9"]
[EventCountry "GER"]
[SourceTitle "EXT 2019"]
[Source "ChessBase"]
[SourceDate "2018.10.10"]
[SourceVersion "1"]
[SourceVersionDate "2018.10.10"]
[SourceQuality "1"]

1. e4 c6 2. d4 d5 3. Nd2 dxe4 4. Nxe4 Nf6 5. Ng3 h5 6. h4 Bg4 7. Be2 e6 8. Bg5 Be7 9. c3 Bxe2 10. N1xe2 Nbd7 11. Nf4 g6 12. Qc2 Rg8 13. 0-0-0 1/2-1/2

[Event "Rheinland Pfalz op Seniors 13th"]
[Site "Neustadt an der Weinstrasse"]
[Date "2015.07.16"]
[Round "7"]
[White "Kripp, Wolfgang"]
[Black "Bohne, Lutz"]
[Result "1-0"]
[WhiteElo "2094"]
[BlackElo "1936"]
[PlyCount "41"]
[EventDate "2015.07.10"]
[EventType "swiss"]
[EventRounds "7"]
[EventCountry "GER"]
[SourceTitle "EXT 2019"]
[Source "ChessBase"]
[SourceDate "2018.10.10"]
[SourceVersion "1"]
[SourceVersionDate "2018.10.10"]
[SourceQuality "1"]

1. e4 c6 2. d4 d5 3. e5 Bf5 4. h4 h5 5. Ne2 g6 6. Ng3 Bc8 7. Bd3 e6 8. Ne2 b6 9. b3 Nh6 10. Nd2 Be7 11. Nf3 Na6 12. c3 Nc7 13. Bg5 Ba6 14. c4 Nf5 15. Rc1 Rc8 16. Kf1 Kf8 17. Kg1 Kg7 18. Qd2 Bxg5 19. Nxg5 Qe7 20. cxd5 Bxd3 21. d6 1-0

[Event "Hessen-ch Seniors op 11th"]
[Site "Bad Sooden-Allendorf"]
[Date "2015.05.16"]
[Round "8"]
[White "Wuestehube, Harry"]
[Black "Kripp, Wolfgang"]
[Result "1/2-1/2"]
[WhiteElo "1900"]
[BlackElo "2127"]
[PlyCount "84"]
[EventDate "2015.05.09"]
[EventType "swiss"]
[EventRounds "9"]
[EventCountry "GER"]
[SourceTitle "EXT 2018"]
[Source "ChessBase"]
[SourceDate "2017.10.13"]
[SourceVersion "1"]
[SourceVersionDate "2017.10.13"]
[SourceQuality "1"]

1. e4 Nf6 2. e5 Nd5 3. d4 d6 4. c4 Nb6 5. exd6 exd6 6. Nc3 Nc6 7. h3 Bf5 8. Be3 Be7 9. Nf3 0-0 10. Be2 h6 11. b3 Bf6 12. 0-0 a5 13. Qd2 d5 14. c5 Nc8 15. Rad1 Re8 16. a3 N6e7 17. Ne5 c6 18. Ng4 Ng6 19. Rfe1 Bg5 20. Bxg5 Qxg5 21. Qxg5 hxg5 22. Ne3 Be6 23. Bg4 Nf4 24. Kh2 Bxg4 25. Nxg4 Na7 26. g3 Ne6 27. Ne5 f6 28. Nf3 Kf7 29. Re3 Rab8 30. b4 b6 31. Na4 bxc5 32. bxc5 Nb5 33. Nb6 Nec7 34. Rde1 Rxe3 35. Rxe3 Re8 36. a4 Rxe3 37. fxe3 Nc3 38. Nd2 f5 39. Nb3 f4 40. exf4 gxf4 41. Nxa5 Ne2 42. Nxc6 fxg3+ 1/2-1/2

[Event "Hessen-ch Seniors op 11th"]
[Site "Bad Sooden-Allendorf"]
[Date "2015.05.12"]
[Round "4"]
[White "Ghijsen, Pim"]
[Black "Kripp, Wolfgang"]
[Result "1-0"]
[WhiteElo "2164"]
[BlackElo "2127"]
[PlyCount "95"]
[EventDate "2015.05.09"]
[EventType "swiss"]
[EventRounds "9"]
[EventCountry "GER"]
[SourceTitle "EXT 2018"]
[Source "ChessBase"]
[SourceDate "2017.10.13"]
[SourceVersion "1"]
[SourceVersionDate "2017.10.13"]
[SourceQuality "1"]

1. d4 d5 2. Nf3 Nf6 3. Bf4 c6 4. e3 Bg4 5. Be2 Bxf3 6. Bxf3 e6 7. 0-0 Bd6 8. Bg3 Bxg3 9. hxg3 Nbd7 10. Nd2 0-0 11. c4 e5 12. cxd5 cxd5 13. dxe5 Nxe5 14. Nb3 Nxf3+ 15. gxf3 Qb6 16. Qd4 Qxd4 17. Nxd4 g6 18. Rfc1 Rac8 19. Nb5 a6 20. Nd6 Rb8 21. Rc7 Ne8 22. Nxe8 Rfxe8 23. Kf1 Kf8 24. Ke2 h5 25. Kd3 Red8 26. Kd4 Kg7 27. Rac1 Kf6 28. R1c3 Ke6 29. f4 Rd6 30. Rb3 b6 31. a4 b5 32. axb5 axb5 33. Ra3 b4 34. Raa7 f6 35. b3 Kf5 36. f3 Re8 37. Ra5 g5 38. Rcc5 Ke6 39. fxg5 fxg5 40. Rxd5 Red8 41. Rxd6+ Rxd6+ 42. Ke4 Kf6 43. f4 gxf4 44. exf4 Rc6 45. Rxh5 Rc3 46. g4 Rxb3 47. Rh6+ Kg7 48. Rb6 1-0

[Event "GER-chA Seniors 26th"]
[Site "Bad Neuenahr"]
[Date "2014.08.08"]
[Round "4"]
[White "Neese, Hans Joachim"]
[Black "Kripp, Wolfgang"]
[Result "1-0"]
[WhiteElo "2210"]
[BlackElo "2086"]
[PlyCount "105"]
[EventDate "2014.08.05"]
[EventType "swiss"]
[EventRounds "9"]
[EventCountry "GER"]
[SourceTitle "EXT 2018"]
[Source "ChessBase"]
[SourceDate "2017.10.13"]
[SourceVersion "1"]
[SourceVersionDate "2017.10.13"]
[SourceQuality "1"]

1. d4 d5 2. Nf3 Nf6 3. Bf4 c6 4. Nbd2 Bf5 5. e3 e6 6. Be2 Nbd7 7. h3 h6 8. c4 Ne4 9. 0-0 Be7 10. Qb3 Qc8 11. Nxe4 Bxe4 12. Nd2 Bh7 13. Rac1 0-0 14. Rfe1 Nf6 15. Bf3 Qd7 16. c5 Be4 17. Bd1 g5 18. Be5 Bg6 19. f3 Nh7 20. Qc3 f6 21. Bh2 Rad8 22. b4 a6 23. a4 Rf7 24. Be2 Bf8 25. b5 axb5 26. axb5 Bg7 27. Qb4 e5 28. Ra1 exd4 29. exd4 Re7 30. Bd6 Ree8 31. Nb3 Bf8 32. Bg3 Re6 33. Bf1 Rxe1 34. Bxe1 Qc8 35. Ra7 b6 36. bxc6 bxc5 37. Nxc5 Qxc6 38. Bg3 Rc8 39. Bf2 Ra8 40. Bb5 Qc8 41. Bd7 Qd8 42. Be6+ Kh8 43. Qa4 Rxa7 44. Qxa7 Be7 45. Qb7 Nf8 46. Bxd5 Bd6 47. Ne4 Bxe4 48. Bxe4 Qa5 49. g3 Qc7 50. Qa8 Kg7 51. Kg2 Ne6 52. Qd5 Nf8 53. Bd3 1-0

[Event "GER-chA Seniors 26th"]
[Site "Bad Neuenahr"]
[Date "2014.08.05"]
[Round "1"]
[White "Kripp, Wolfgang"]
[Black "Reichel, Rolf"]
[Result "1-0"]
[WhiteElo "2086"]
[BlackElo "1778"]
[PlyCount "51"]
[EventDate "2014.08.05"]
[EventType "swiss"]
[EventRounds "9"]
[EventCountry "GER"]
[SourceTitle "EXT 2018"]
[Source "ChessBase"]
[SourceDate "2017.10.13"]
[SourceVersion "1"]
[SourceVersionDate "2017.10.13"]
[SourceQuality "1"]

1. e4 c5 2. d4 cxd4 3. c3 d6 4. cxd4 Nf6 5. Nc3 a6 6. a4 e6 7. Nf3 Be7 8. Bd3 0-0 9. 0-0 Nc6 10. h3 Rb8 11. Be3 Bd7 12. Nd2 e5 13. d5 Nd4 14. a5 b5 15. axb6 Qxb6 16. Nc4 Qb7 17. f4 Nb3 18. Ra3 Nc5 19. Bxc5 dxc5 20. fxe5 Ne8 21. d6 Bg5 22. Nd5 Be6 23. Rf2 Bxd5 24. exd5 f5 25. Na5 Qxd5 26. Bc4 1-0

[Event "Hessen-ch Seniors op 10th"]
[Site "Bad Sooden-Allendorf"]
[Date "2014.05.04"]
[Round "9"]
[White "Kripp, Wolfgang"]
[Black "Smits, Oswald"]
[Result "1-0"]
[WhiteElo "2076"]
[BlackElo "1925"]
[PlyCount "79"]
[EventDate "2014.04.26"]
[EventType "swiss"]
[EventRounds "9"]
[EventCountry "GER"]
[SourceTitle "EXT 2018"]
[Source "ChessBase"]
[SourceDate "2017.10.13"]
[SourceVersion "1"]
[SourceVersionDate "2017.10.13"]
[SourceQuality "1"]

1. e4 d6 2. d4 g6 3. c3 Bg7 4. f4 e6 5. Nf3 Ne7 6. Bd3 Nd7 7. 0-0 c5 8. Be3 0-0 9. Nbd2 f5 10. Ng5 Nb6 11. exf5 cxd4 12. Bxd4 Bxd4+ 13. cxd4 exf5 14. Qb3+ d5 15. Rae1 Qd6 16. Bb5 a6 17. Bd3 h6 18. Nh3 Nd7 19. Rf3 Nc6 20. Rfe3 Nf6 21. a3 Kg7 22. Qb6 Nd7 23. Qb3 Nf6 24. Qb6 Nd7 25. Qb3 Nf6 26. Nf3 Ne4 27. g3 Be6 28. Qxb7+ Kg8 29. Rc1 Bd7 30. Ne5 Nxe5 31. fxe5 Rab8 32. exd6 Rxb7 33. Nf4 Nxd6 34. Nxg6 Bb5 35. Bxb5 Rxb5 36. Nxf8 Kxf8 37. Re6 Ne4 38. b4 a5 39. Rc7 Rb8 40. Rxh6 1-0

[Event "Hessen-ch Seniors op 10th"]
[Site "Bad Sooden-Allendorf"]
[Date "2014.04.28"]
[Round "3"]
[White "Kripp, Wolfgang"]
[Black "Ljubarskij, Jurij"]
[Result "0-1"]
[WhiteElo "2076"]
[BlackElo "2275"]
[PlyCount "126"]
[EventDate "2014.04.26"]
[EventType "swiss"]
[EventRounds "9"]
[EventCountry "GER"]
[SourceTitle "EXT 2018"]
[Source "ChessBase"]
[SourceDate "2017.10.13"]
[SourceVersion "1"]
[SourceVersionDate "2017.10.13"]
[SourceQuality "1"]

1. e4 e5 2. Nf3 Nc6 3. c3 d6 4. d4 Bg4 5. Qb3 Qc8 6. Bc4 Bh5 7. Bb5 Bxf3 8. gxf3 exd4 9. cxd4 a6 10. Bxc6+ bxc6 11. Qa4 Ne7 12. Nc3 Qb7 13. Rg1 g6 14. d5 Bg7 15. dxc6 Qxc6 16. Qxc6+ Nxc6 17. Be3 Rb8 18. 0-0-0 0-0 19. f4 Rfe8 20. Rd3 Rb7 21. f3 f5 22. Rg2 Bxc3 23. Rxc3 fxe4 24. fxe4 Nb4 25. Ra3 Rxe4 26. f5 Kg7 27. fxg6 hxg6 28. Bd2 Rb6 29. Rag3 Re6 30. Bc3+ Kf7 31. Rf2+ Ke7 32. b3 Nd5 33. Bd2 Rb8 34. Bg5+ Kd7 35. Rd3 Rb5 36. h4 Kc6 37. a3 Re1+ 38. Kb2 Ne7 39. b4 Rf5 40. Rc2+ Kb7 41. Kb3 Nc6 42. Ka4 Re4 43. Rc1 Ne5 44. Rdc3 Rf7 45. Ka5 d5 46. b5 axb5 47. Kxb5 Rc4 48. Rxc4 Nxc4 49. a4 Ne5 50. Rb1 Nd7 51. a5 c6+ 52. Ka4+ Ka6 53. Re1 Nc5+ 54. Ka3 Rf3+ 55. Ka2 Kxa5 56. Be7 Ne4 57. Rc1 Nc3+ 58. Kb2 Na4+ 59. Ka2 Kb5 60. Rg1 Re3 61. Bf6 Re6 62. Rxg6 Nc3+ 63. Kb3 Ne4 0-1

[Event "Hessen-ch Seniors op 10th"]
[Site "Bad Sooden-Allendorf"]
[Date "2014.04.27"]
[Round "2"]
[White "Merettig, Georg"]
[Black "Kripp, Wolfgang"]
[Result "1/2-1/2"]
[WhiteElo "1918"]
[BlackElo "2076"]
[PlyCount "28"]
[EventDate "2014.04.26"]
[EventType "swiss"]
[EventRounds "9"]
[EventCountry "GER"]
[SourceTitle "EXT 2018"]
[Source "ChessBase"]
[SourceDate "2017.10.13"]
[SourceVersion "1"]
[SourceVersionDate "2017.10.13"]
[SourceQuality "1"]

1. Nc3 d5 2. e4 d4 3. Nce2 e5 4. f4 Nc6 5. d3 Bg4 6. h3 Bh5 7. Qd2 g6 8. fxe5 Nxe5 9. Qf4 Bd6 10. Qf2 Bxe2 11. Nxe2 c5 12. Nf4 Ne7 13. Be2 h5 14. 0-0 Qd7 1/2-1/2

[Event "Hessen-ch Seniors op 09th"]
[Site "Bad Sooden-Allendorf"]
[Date "2013.04.20"]
[Round "1"]
[White "Hampe, Werner"]
[Black "Kripp, Wolfgang"]
[Result "0-1"]
[WhiteElo "1776"]
[BlackElo "2098"]
[PlyCount "88"]
[EventDate "2013.04.20"]
[EventType "swiss"]
[EventRounds "9"]
[EventCountry "GER"]
[SourceTitle "EXT 2019"]
[Source "ChessBase"]
[SourceDate "2018.10.10"]
[SourceVersion "1"]
[SourceVersionDate "2018.10.10"]
[SourceQuality "1"]

1. c4 e6 2. g3 d5 3. Bg2 Nf6 4. Nf3 d4 5. d3 c5 6. 0-0 Nc6 7. a3 a5 8. Bg5 h6 9. Bxf6 Qxf6 10. Nbd2 Qd8 11. Rb1 Be7 12. Ne1 e5 13. e3 Be6 14. exd4 exd4 15. f4 Qd7 16. Ndf3 0-0 17. Ne5 Nxe5 18. fxe5 Bg4 19. Bf3 Bh3 20. Bg2 Rae8 21. Bxh3 Qxh3 22. Nf3 g5 23. Kh1 Qe6 24. Re1 f6 25. exf6 Qxf6 26. Ng1 Bd8 27. Qd2 a4 28. Qg2 Qc6 29. Qxc6 bxc6 30. Kg2 Ba5 31. Rxe8 Rxe8 32. Rd1 Rb8 33. Rb1 Bc3 34. Nf3 Rxb2+ 35. Rxb2 Bxb2 36. Nd2 Bxa3 37. Kf1 Bb2 38. Ne4 a3 39. Nxc5 a2 40. Nb3 a1Q+ 41. Nxa1 Bxa1 42. g4 Kf7 43. Ke2 Ke6 44. Kf3 Ke5 0-1